| 000 | 00000nam 2200000za 4500 |
| 001 | 9.568294 |
| 003 | CaOODSP |
| 005 | 20240215150447 |
| 007 | cr ||||||||||| |
| 008 | 150406|2000||||xxc|||||o f|0| 0 eng d |
| 040 | |aCaOODSP|beng |
| 043 | |an-cn--- |
| 086 | 1 |aPS83-3/92E-PDF |
| 110 | 2 |aCorrectional Service Canada. |
| 245 | 12|aA review of marital and family variables as they relate to adult criminal recidivism / |h[electronic resource]|c[by] Elizabeth Oddone Paolucci, Claudio Violato, and Mary Ann Schofield. |
| 260 | |bCorrectional Service Canada |cNovember 2000. |
| 300 | |a99p.|btables |
| 490 | 1 |aResearch report|v[R-92] |
| 504 | |aBibliography. |
| 590 | |a10-12-Supp|b2010-11-18 |
| 720 | 1 |aPaolucci, Elizabeth Oddone |
| 720 | 1 |aViolato, Claudio |
| 720 | 1 |aSchofield, Mary Ann |
| 775 | 08|tExamen des variables liées aux relations conjugales et à la famille et leur rapport avec la récidive criminelle chez les adultes / |w(CaOODSP)9.599584 |
| 830 | #0|aResearch report (Correctional Service Canada. Research Branch)|v[R-92]|w(CaOODSP)9.506063 |
| 856 | 40|ahttp://publications.gc.ca|qPDF|s197 KB|uhttps://publications.gc.ca/collections/collection_2010/scc-csc/PS83-3-92-eng.pdf|y[R-92] |